000 00889nas a2200265 4500
001 BR0801314
003 BR-BrBNA
005 20231205111646.0
007 ta
008 230509b bl.|||p| |||| 00| 00por d
040 _aBR-BrBNA
_bpor
_cBiblioteca Nacional de Agricultura
041 _a(Pt)
072 _aL53
100 1 _aSilva, R. da
100 1 _aOshiro, L.M.Y.
245 1 _aAspectos da reprodução do caranguejo guaiamum, Cardiosoma guanhumi Latreille (Crustacea, Decapoda, Gecarcinidae)da Bahia de Sepetiba, Rio de Janeiro
650 _aCARANGUEJO
650 _aREPRODUÇÃO ANIMAL
650 _aDISTRIBUIÇÃO GEOGRÁFICA
650 _aBAIA DE SEPETIBA
650 _aRIO DE JANEIRO
773 0 _tRevista Brasileira de Zoologia (Brazil)
_xISSN 0101-8175
_g(Dec 2002), v. 19(2) p. 71-78
_wBR0801314
909 _a202311
_bLúcia
_c55
_dLúcia Elande
942 _2AGRIS
_n0
_cANA
999 _c193795
_d193795